The Gospels An Epiphany: (Record no. 216632)

MARC details
000 -LEADER
fixed length control field 00671nam a22001937a 4500
005 - DATE AND TIME OF LATEST TRANSACTION
control field 20260612161526.0
010 ## - LCCN (DPL NO)
LC control number ENG-148827
020 ## - INTERNATIONAL STANDARD BOOK NUMBER
Terms of availability 400.00
International Standard Book Number 9789391399825
035 ## - SYSTEM CONTROL NUMBER
System control number EN-132359
037 ## - SOURCE OF ACQUISITION
Source of stock number/acquisition DBAD
082 ## - DEWEY DECIMAL CLASSIFICATION NUMBER
Classification number 126
Edition number 1
100 ## - MAIN ENTRY--PERSONAL NAME
Personal name Kulandaisamy L
245 ## - TITLE STATEMENT
Title The Gospels An Epiphany:
Remainder of title Of Free Self and Social Prituality/
Statement of responsibility, etc L Kulandaisamy
250 ## - EDITION STATEMENT
Edition statement 1
260 ## - PUBLICATION, DISTRIBUTION, ETC. (IMPRINT)
Name of publisher, distributor, etc ATC Publishers
Place of publication, distribution, etc Bengaluru
Date of publication, distribution, etc 2023
270 ## - ADDRESS
Address St's Mary Block, Archdiocesan,Pastoral Center,#5, Nandidurga Road,Benson Town
City Bengaluru
Postal code 560046
Telephone number +918025491999
-- 7090100444
Electronic mail address info@atcpublishers.com
300 ## - PHYSICAL DESCRIPTION
Extent 400p.
Dimensions 21cm(pb)
942 ## - ADDED ENTRY ELEMENTS (KOHA)
Source of classification or shelving scheme Dewey Decimal Classification
Item type English Books
Classification part 126
Call number suffix KUL
Holdings
Withdrawn status Lost status Not for loan Collection code Home library Current library Date acquired Source of acquisition Cost, normal purchase price Full call number Barcode Copy number Cost, replacement price Koha item type
    Not For Loan Non-fiction D.B.Act.Division D.B.Act.Division 12/06/2026 Delivery of Books Act Division 400.00 126 KUL EN-132359 1 400.00 English Books

© Delhi Public Library
Hit Counter
free hit counter